Cyclisme : Coureurs du XXe siècle (par images) - Statistiques

Statistiques générales
  • Ce quiz a été pris 90 fois
  • Le résultat moyen est 16 sur 24
Statistiques - réponses
Par images Hint Réponse % Correct
France Bernard Hinault
93%
Italie Fausto Coppi
91%
France Raymond Poulidor
88%
France Jacques Anquetil
87%
France Laurent Fignon
87%
Belgique Eddy Merckx
85%
États-Unis d'Amérique Greg LeMond
85%
Irlande Sean Kelly
78%
Italie Gino Bartali
76%
France Louison Bobet
76%
Italie Felice Gimondi
68%
Pays-Bas Joop Zoetemelk
68%
Espagne Luis Ocaña
68%
Luxembourg Charly Gaul
60%
Suisse Ferdi Kübler
60%
Belgique Roger De Vlaeminck
60%
France Marc Madiot
57%
Belgique Rik Van Looy
51%
Italie Francesco Moser
47%
France Antonin Magne
41%
Italie Alfredo Binda
38%
France Henri Pélissier
34%
Belgique Freddy Maertens
31%
Belgique Rik Van Steenbergen
21%
Aucun quiz correspondant
Distribution des résultats
% des personnes avec chaque résultat
Percentile par nombre de réponses
Votre historique - résultats
Vous n’avez pas pris ce quiz